Derechos humanos: Guatemala, uno de los casos más graves
Se comenta que los informes de diferentes organismos defensores de los derechos humanos coinciden en ubicar a Guatemala como uno de los casos más graves en relación a los altos índices de conculcaciones a los guatemaltecos. Durante los últimos cinco años esta situación se tornó alarmante durante 19...
Guardado en:
| Format: | Texto |
|---|---|
| Sprog: | Spanish |
| Fag: | |
| Tags: |
Tilføj Tag
Ingen Tags, Vær først til at tagge denne postø!
|
MARC
| LEADER | 00000 a a2200000 04500 | ||
|---|---|---|---|
| 001 | 10391 | ||
| 003 | cru CIDCACS/IIS | ||
| 005 | 20221206105926.0 | ||
| 008 | 221206b |||||||| |||| 00| 0 spa d | ||
| 040 | |c cru CIDCACS/IIS | ||
| 245 | |a Derechos humanos: |b Guatemala, uno de los casos más graves | ||
| 500 | |a Colección Centroamérica | ||
| 520 | |a Se comenta que los informes de diferentes organismos defensores de los derechos humanos coinciden en ubicar a Guatemala como uno de los casos más graves en relación a los altos índices de conculcaciones a los guatemaltecos. Durante los últimos cinco años esta situación se tornó alarmante |a durante 1990, las desapariciones y los asesinatos se produjeron a un ritmo aterrador. No obstante las esperanzas de que el gobierno del presidente Serrano responda al clamor generalizado de detener los secuestros y asesinatos se ven acompañadas por la militarización persistente en la sociedad guatemalteca, y la impunidad de que gozan los cuerpos de seguridad. El caso está siendo ampliamente debatido en la ONU y es visible el crecimiento en la comunidad internacional de la conciencia sobre la responsabilidad que sobre la situación compete al ejército y al gobierno. En detalle, en el artículo se comentan las cifras de los hechos explicados, el clima de inseguridad del país, el sistema que genera la impunidad y se expone el informe del experto de las naciones Unidas sobre el tema. HB/HMBQ | ||
| 650 | |a DERECHOS HUMANOS | ||
| 650 | |a FUERZAS ARMADAS | ||
| 650 | |a ESTADO | ||
| 650 | |a ASPECTOS SOCIALES | ||
| 650 | |a ASPECTOS POLITICOS | ||
| 773 | |g volumen 13, número 185; páginas 3-6 | ||
| 773 | 0 | |0 42425 |9 3487 |d México, D.F. Noticias de Guatemala |o 22422 |t Noticias Guatemala, NG / | |
| 942 | |2 ddc |c PP | ||
| 999 | |c 34100 |d 34100 | ||
